000 00886nam a2200205Ia 4500
003 OSt
005 20250729152530.0
008 191128t1971 ck gr 000 j spa d
040 _aCO-JMCR
_cCO-JMCR
041 _aspa
082 0 4 _aA-C
_bECHt
100 1 _aEcheverri, Camilo Antonio,
_d1827-1887
_e autor
_99727
245 0 _aObras completas de el tuerto echeverri /
_cCamilo Antonio ; compiladas por Rafael Montoya y Montoya
260 _aMedellín
_bMontoya,
_c©1971
300 _a234 páginas ;
_c17 cm.
490 _aEdiciones academicas ; N. 6
505 _aAutobiografía -- noticia biográfica y literatura / Rafael Uribe Uribe -- visita a Camilo Antonio Echeverri / por Juan de Dios Uribe -- Mi autobiografía moral -- alegato de defensa sobre el Dr. Luis Umaña Jimeno -- alegato de defensa de Manuel Salvador Lop
650 1 4 _aLiteratura Colombiana
_99728
942 _2ddc
_cBK
999 _c3549
_d3549